Statistics for Rock & Roll Hall of Fame

Click here to take the quiz!

General Stats

  • This quiz has been taken 134,471 times
    (5,648 since last reset)
  • The average score is 77 of 255

Answer Stats

YearMusical Act% Correct
1988The Beatles
88%
1989The Rolling Stones
80%
1986Elvis Presley
78%
2001Michael Jackson
77%
1994Elton John
73%
2019Janet Jackson
73%
2014Nirvana
70%
2001Queen
69%
2003AC/DC
66%
1994John Lennon
66%
1995Led Zeppelin
65%
1999Paul McCartney
65%
2009Metallica
64%
1992The Jimi Hendrix
Experience
60%
2008Madonna
58%
2004George Harrison
57%
2012Guns N' Roses
57%
1987Aretha Franklin
56%
2006Black Sabbath
56%
1996Pink Floyd
56%
2004Prince
56%
2001Aerosmith
55%
1990The Who
55%
2005U2
55%
1995Al Green
54%
1999Bruce Springsteen
54%
1988Bob Dylan
53%
1996David Bowie
53%
1988The Beach Boys
53%
1998Eagles
51%
1993The Doors
51%
2018Bon Jovi
49%
2000Eric Clapton
49%
1998Fleetwood Mac
49%
2007Patti Smith
49%
2003The Police
49%
1987B. B. King
48%
2022Carly Simon
48%
2022Eminem
48%
2023George Michael
48%
2010ABBA
47%
1986Chuck Berry
47%
2014KISS
47%
2001Paul Simon
47%
2022Dolly Parton
46%
2007Van Halen
46%
1986Buddy Holly
45%
2021Carole King
45%
2015Green Day
45%
2017Pearl Jam
45%
2013Albert King
44%
2010Genesis
44%
1991Ike & Tina Turner
44%
1986James Brown
44%
1992Johnny Cash
44%
2024Ozzy Osbourne
44%
2006Sex Pistols
44%
2021Tina Turner
44%
2020Whitney Houston
44%
1995Janis Joplin
43%
1999Billy Joel
42%
2021Foo Fighters
42%
2012Red Hot Chili Peppers
42%
1989Stevie Wonder
42%
1995Neil Young
41%
1993Ruth Brown
41%
2003The Clash
41%
1997Bee Gees
40%
1993Cream
40%
1987Marvin Gaye
40%
1988The Supremes
40%
2024Cher
39%
1993Creedence Clearwater
Revival
39%
2021Jay-Z
39%
1997The Jackson 5
39%
2002The Ramones
39%
2016Deep Purple
38%
2017Tupac Shakur
38%
2017Journey
37%
2006Lynyrd Skynyrd
37%
1987Big Joe Turner
36%
2006Blondie
36%
1994Bob Marley
36%
2019Def Leppard
36%
1986Little Richard
36%
2019Radiohead
36%
1986Ray Charles
36%
1990Simon & Garfunkel
36%
1990The Kinks
36%
1993Etta James
35%
2000James Taylor
35%
1986Jerry Lee Lewis
34%
2007R.E.M.
34%
2020The Notorious B.I.G.
34%
2002Tom Petty and the
Heartbreakers
34%
1993Van Morrison
34%
1998Santana
33%
2019The Cure
33%
2004ZZ Top
33%
2012Beastie Boys
32%
2016Chicago
32%
2022Duran Duran
32%
2013Heart
32%
2022Lionel Richie
32%
2013Rush
32%
1998The Mamas & the Papas
32%
2023Willie Nelson
32%
2018Dire Straits
31%
1994Rod Stewart
31%
2019Stevie Nicks
31%
1994The Animals
31%
2017Electric Light Orchestra
30%
1996Jefferson Airplane
30%
2015Joan Jett & the Blackhearts
30%
2006Miles Davis
30%
2011Alice Cooper
29%
1997Crosby, Stills & Nash
29%
1989Dion
29%
1994Grateful Dead
29%
2016N.W.A
29%
1989Otis Redding
29%
1987Ricky Nelson
29%
1987Roy Orbison
29%
2009Run-D.M.C.
29%
1989The Temptations
29%
2000Earth, Wind & Fire
28%
2014Peter Gabriel
28%
1996The Velvet Underground
28%
1987Jackie Wilson
27%
1997Joni Mitchell
27%
2015Lou Reed
27%
2002Talking Heads
27%
1991The Byrds
27%
2017Yes
27%
1997Buffalo Springfield
26%
2020Depeche Mode
25%
2013Donna Summer
25%
2014Hall & Oates
25%
2011Neil Diamond
25%
2020Nine Inch Nails
25%
2001Ritchie Valens
25%
2018The Cars
25%
2014Cat Stevens
24%
1990Four Tops
24%
1987Muddy Waters
24%
1994The Band
24%
1999Dusty Springfield
23%
2022Eurythmics
23%
1986Fats Domino
23%
2024Foreigner
23%
2023Rage Against the Machine
23%
1987Smokey Robinson
23%
2016Steve Miller
23%
1992The Yardbirds
23%
1995Frank Zappa
22%
2009Jeff Beck
22%
1991Jimmy Reed
22%
2023Kate Bush
22%
1995The Allman Brothers Band
22%
1986The Everly Brothers
22%
1990The Four Seasons
22%
2003Elvis Costello
& the Attractions
21%
2013Public Enemy
21%
1986Sam Cooke
21%
2001Steely Dan
21%
2020The Doobie Brothers
21%
2004Bob Seger
20%
1996Gladys Knight & the Pips
20%
2008Leonard Cohen
20%
2022Pat Benatar
20%
1987Bill Haley
19%
2002Brenda Lee
19%
2005Pretenders
19%
2015Stevie Ray Vaughan &
Double Trouble
19%
2010The Stooges
19%
2017Joan Baez
18%
2008John Mellencamp
18%
1993Sly & the Family Stone
18%
2019The Zombies
18%
2020T. Rex
18%
2011Darlene Love
17%
2024Dave Matthews Band
17%
2018Nina Simone
17%
2023Sheryl Crow
17%
2010The Hollies
17%
2018The Moody Blues
17%
2007The Ronettes
17%
2016Cheap Trick
16%
2012Donovan
16%
2021The Go-Go's
16%
2003The Righteous Brothers
16%
1987Carl Perkins
15%
2007Grandmaster Flash
and The Furious Five
15%
2004Jackson Browne
15%
2024Kool & The Gang
15%
2014Linda Ronstadt
15%
2023Missy Elliott
15%
1997Parliament-Funkadelic
15%
2024Peter Frampton
15%
1992The Isley Brothers
15%
2015Bill Withers
14%
1987Bo Diddley
14%
2024Mary J. Blige
14%
2012The Small Faces
14%
1990Bobby Darin
13%
2000Bonnie Raitt
13%
1999Curtis Mayfield
13%
1987Eddie Cochran
13%
2002Isaac Hayes
13%
2010Jimmy Cliff
13%
2019Roxy Music
13%
1988The Drifters
13%
1990The Platters
13%
2011Tom Waits
13%
2005Buddy Guy
12%
1991John Lee Hooker
12%
1991LaVern Baker
12%
1995Martha and the Vandellas
12%
2008The Dave Clark Five
12%
1996The Shirelles
12%
2004Traffic
12%
1991Wilson Pickett
12%
2024A Tribe Called Quest
11%
1999Del Shannon
11%
1998Gene Vincent
11%
2005Percy Sledge
11%
2013Randy Newman
11%
1987The Coasters
11%
2000The Lovin' Spoonful
11%
2009Bobby Womack
10%
1992Booker T. & the M.G.'s
10%
2011Dr. John
10%
1994Duane Eddy
10%
1992Sam & Dave
10%
2001The Flamingos
10%
2005The O'Jays
10%
1997The Rascals
10%
2023The Spinners
10%
2021Todd Rundgren
10%
1993Frankie Lymon
& The Teenagers
9%
2002Gene Pitney
9%
1990Hank Ballard
9%
1998Lloyd Price
9%
2001Solomon Burke
9%
2008The Ventures
9%
1992Bobby "Blue" Bland
8%
1987Clyde McPhatter
8%
2012Laura Nyro
8%
2009Little Anthony
& The Imperials
8%
1996Little Willie John
8%
2004The Dells
8%
1991The Impressions
8%
2000The Moonglows
8%
2015The Paul Butterfield
Blues Band
8%
1999The Staple Singers
8%

Score Distribution

Percentile by Number Answered

Percent of People with Each Score

Your Score History

You have not taken this quiz since the last reset